| 000 | 00369nam a2200145Ia 4500 | ||
|---|---|---|---|
| 008 | 230917s9999||||xx |||||||||||||| ||und|| | ||
| 040 |
_e249255 _aMAIN |
||
| 041 | _aEnglish | ||
| 082 | _a363.325 S959D | ||
| 100 | _aSandeep Kumar | ||
| 245 | 0 | _aDakshin Asia mein atankvad aur Bharat ki suraksha par iska prabhav | |
| 260 | _c2018 | ||
| 300 | _a302 p. | ||
| 942 | _cTH | ||
| 999 |
_c128096 _d128096 |
||